书目信息 |
| 题名: |
朴槿惠全传
|
|
| 作者: | 宋嘉军 著 | |
| 分册: | ||
| 出版信息: | 武汉 华中科技大学出版社 2014 |
|
| 页数: | 242页 | |
| 开本: | 25cm | |
| 丛书名: | ||
| 单 册: | ||
| 中图分类: | K833.126.7 | |
| 科图分类: | ||
| 主题词: | 总统--zong tong--传记--韩国--现代 | |
| 电子资源: | ||
| ISBN: | 978-7-5609-9909-8 | |
| 000 | 01069nam0 22002531 450 | |
| 001 | 0120082245 | |
| 005 | 20170320082245.0 | |
| 010 | @a978-7-5609-9909-8@dCNY35.00 | |
| 100 | @a20140703d2014 em y0chiy50 ea | |
| 101 | 0 | @achi |
| 102 | @aCN@b420000 | |
| 105 | @aa z 000yb | |
| 106 | @ar | |
| 200 | 1 | @a朴槿惠全传@9pu jin hui quan chuan@f宋嘉军著 |
| 210 | @a武汉@c华中科技大学出版社@d2014 | |
| 215 | @a242页@c照片@d25cm | |
| 300 | @a华中传记 | |
| 330 | @a本书讲述了朴槿惠或轰轰烈烈或不为人知的故事。朴槿惠出生在韩国第一家庭,但命运之神没有一直青睐她,父母双双遇刺,亲信疏离,姐妹不和,生活艰难。这一切并没有将她打倒,反而铸就了她钢铁般坚毅的品质和乐观的性格。以韩国历史上第一位得票过半的身份当选总统后,朴槿惠以她时尚的外表、独树一帜的领袖风范、有效的政策措施、成熟的外交手腕开启了韩国的政治、经济新时代。 | |
| 606 | 0 | @a总统@9zong tong@x传记@y韩国@z现代 |
| 610 | 0 | @a朴槿惠(1952- )@Apu jin hui (1952- ) |
| 690 | @aK833.126.7@v5 | |
| 701 | 0 | @a宋嘉军@9song jia jun@f(1962~)@4著 |
| 801 | 0 | @aCN@bTANGWEI@c20170308 |
| 905 | @b0957417-9@dK833.126.7@e793@f3 | |
| 朴槿惠全传/宋嘉军著.-武汉:华中科技大学出版社,2014 |
| 242页:照片;25cm |
| 华中传记 |
| ISBN 978-7-5609-9909-8:CNY35.00 |
| 本书讲述了朴槿惠或轰轰烈烈或不为人知的故事。朴槿惠出生在韩国第一家庭,但命运之神没有一直青睐她,父母双双遇刺,亲信疏离,姐妹不和,生活艰难。这一切并没有将她打倒,反而铸就了她钢铁般坚毅的品质和乐观的性格。以韩国历史上第一位得票过半的身份当选总统后,朴槿惠以她时尚的外表、独树一帜的领袖风范、有效的政策措施、成熟的外交手腕开启了韩国的政治、经济新时代。 |
| ● |
| 相关链接 |
|
|
|
|
正题名:朴槿惠全传
索取号:K833.126.7/793
 
预约/预借
| 序号 | 登录号 | 条形码 | 馆藏地/架位号 | 状态 | 备注 |
| 1 | 0957417 | 209574174 | 第二样本阅览室/ [索取号:K833.126.7/793] | 在馆 | |
| 2 | 0957418 | 209574183 | 第二借阅区/ [索取号:K833.126.7/793] | 在馆 | |
| 3 | 0957419 | 209574192 | 第二借阅区/ [索取号:K833.126.7/793] | 在馆 |